Normal view
MARC view
- Gerald, Curtis.F Wheatley, Patrick.O
Entry Personal Name
001 - CONTROL NUMBER
- control field: 59887
003 - CONTROL NUMBER IDENTIFIER
- control field: NUST
005 - DATE AND TIME OF LATEST TRANSACTION
- control field: 20210628202432.0
008 - FIXED-LENGTH DATA ELEMENTS
- fixed length control field: 210628|| aca||aabn | a|a d
040 ## - CATALOGING SOURCE
- Original cataloging agency: NUST
- Transcribing agency: NUST
100 ## - HEADING--PERSONAL NAME
- Personal name: Gerald, Curtis.F Wheatley, Patrick.O
670 ## - SOURCE DATA FOUND
- Source citation: Work cat.: (NUST): Gerald, Curtis.F Wheatley, Patrick.O, Applied numerical analysis, 2002
